Países aleatorios de África en un mapa - Estadísticas

Estadísticas generales
  • Esta prueba ha sido intentada 20.717 veces
  • La puntuación promedio es 13 de 15
Respuestas en el mapa
Las respuestas están codificadas por una escala verde-roja en el mapa de la prueba según el % correcto abajo.
 
Estadísticas de respuestas
país % Correcto
Egipto
98%
Marruecos
98%
Argelia
96%
Madagascar
96%
Sudáfrica
96%
Rep. Dem. del Congo
95%
Túnez
95%
Libia
93%
Somalia
93%
Sudán
93%
Etiopía
90%
Níger
90%
Chad
89%
Cabo Verde
88%
Malí
88%
Mauritania
88%
Kenia
87%
Nigeria
86%
Senegal
86%
Sudán del Sur
86%
Lesoto
85%
Mozambique
85%
Tanzania
85%
Angola
84%
Eritrea
84%
Namibia
83%
República Centroafricana
83%
Guinea
82%
Botsuana
81%
Costa de Marfil
81%
Ghana
81%
República del Congo
81%
Seychelles
81%
Camerún
80%
Guinea Ecuatorial
79%
Togo
79%
Uganda
79%
Zambia
79%
Benín
77%
Esuatini
77%
Gambia
77%
Mauricio
77%
Santo Tomé y Príncipe
77%
Sierra Leona
76%
Burkina Faso
75%
Comoras
75%
Ruanda
75%
Zimbabue
75%
Gabón
73%
Guinea-Bissau
73%
Yibuti
73%
Liberia
72%
Malaui
72%
Burundi
70%
No se encontraron pruebas coincidentes
Distribución de puntuación
Porcentaje de gente con cada puntuación
Porcentaje por número respondido
Historial de tus puntuaciones
No has intentado esta prueba.